Statistics for TimeCar's General Knowledge Quiz 1

Click here to take the quiz!

General Stats

  • This quiz has been taken 8 times
  • The average score is 5 of 20

Answer Stats

HintAnswer% Correct
Around one in a million people have four of which organ?Kidneys
63%
What type of building was bombed by the IRA in 1984 in an attempt to assassinate Margaret Thatcher and her cabinet?A Hotel
50%
The secret formula for WD-40 is stored in a bank vault and has only left it twice; once was on its 50th birthday when the CEO of WD-40 rode through which commercial intersection on a horse?Times Square
50%
Which American president was wrongly rumoured to have got stuck in his ginormous bathtub?William Taft
50%
How many estimated parking spaces are there for every car in America?8
38%
Which guitar player never received royalties for his guitar solo on Michael Jackson’s “Beat it”?Eddie Van Halen
38%
Pulp Fiction opened on October 14, 1994 and got nominated for seven Academy Awards along with which other film?The Shawshank Redemption
38%
Nine months before Rosa Parks defied segregation laws by refusing to give up her seat, 15-year-old [person] did exactly the same thing?Claudette Colvin
25%
John F Kennedy Jr co-founded which magazine?George
25%
A Norwegian town installed what in the mountains to give them light during the winter months?Giant Mirrors
25%
Which fish is widely believed to be the largest fish ever caught on a rod and reel?Great White Shark
25%
The lead singer of which band saved a baby's life whilst on the set of Carpool Karaoke with James Corden?Red Hot Chili Peppers
25%
What did the Beatles spend three months in India studying in 1968?Transcendental Meditation
25%
What is the name for that dividend that is given to Alaskan citizens each year?Alaska Permanent Fund
13%
The Great Pyramid was the tallest man-made structure in the world for more than 3,800 years until it was surpassed by which other building finished in 1311?Lincoln Cathedral
13%
What is the name for the gap between upper front teeth?Diastema
0%
Star Wars, Indiana Jones, Blade Runner, Back to the Future, The Shawshank Redemption, The Thing, and over 150 movies had posters designed and illustrated by who?Drew Struzan
0%
After the peanut flower is fertilised, the plant shoves the fertilised ovary underground to develop into a peanut. What is the name for this characteristic?Geocarpic
0%
Who is the only Formula 1 driver to posthumously win the Driver's World Championship?Jochen Rindt
0%
Which brain parasite carried by cats and infects roughly one in three people?Toxoplasma Gondii
0%

Score Distribution

Percentile by Number Answered

Percent of People with Each Score

Your Score History

You have not taken this quiz